Matrimonio y Familia

Αποθηκεύτηκε σε:
Λεπτομέρειες βιβλιογραφικής εγγραφής
Κύριος συγγραφέας: Florez, Gonzalo (Συγγραφέας)
Μορφή: Βιβλίο
Γλώσσα:Ισπανικά
Έκδοση: Madrid Biblioteca de Autores Cristianos 1995
Σειρά:Sapientia Fidei. Serie de Manuales de Teología, 12
Θέματα:
Ετικέτες: Προσθήκη ετικέτας
Δεν υπάρχουν, Καταχωρήστε ετικέτα πρώτοι!

MARC

LEADER 00000nam a2200000 a 4500
001 UCK4135
003 CL-VaPUC
008 050520e19950824SP |||||||||||||||||spa|d
020 |a 8479141891 
082 0 4 |a 248.4  |b FLO  |2 21 
100 0 |a Florez, Gonzalo  |e author  |9 492550 
245 1 0 |a Matrimonio y Familia 
300 |a 285 p 
942 |c BK 
945 |d 20050520 00:00:00  |a cmena 
260 |a Madrid  |b Biblioteca de Autores Cristianos  |c 1995 
650 0 |a Vida cristiana  |9 258753 
650 0 |a Familia cristiana  |9 311439 
650 7 |a MATRIMONIO   |2 CL-VaPUC  |9 492551 
650 0 |a Familias   |9 255641 
650 0 |a Cristianismo  |9 257361 
650 7 |a DERECHO CANONICO  |2 CL-VaPUC  |9 492552 
583 |a last modification  |c 20050520 00:00:00  |k Rodrigo Vera 
490 0 |a Sapientia Fidei. Serie de Manuales de Teología, 12 
999 |c 313091  |d 313089 
952 |0 0  |1 0  |4 0  |6 248_400000000000000_FLO_1995  |7 0  |8 A  |9 384180  |a BIBTEO  |b BIBTEO  |d 2019-11-22  |i 4124170  |o 248.4 FLO 1995  |p 4124170  |r 2025-01-17  |w 2019-11-22  |y BK  |k ICR